00580 a2200157 45000010006000000050017000060080041000230030015000640400040000790800086001192450044002052640029002493000019002785050104002971000021004013589320260407155637.0260407a1976 arg spa dAR-UNSa-BCEJYS aAR-UNSa-BCEJYSbspacAR-UNSa-BCEJYS a658.312.4xEducación y adiestramiento (capacitación, formación, carrera...)10aCapacitación y desarrollo de personal 1aMéxico :bLimusac1976 a127 p.c23 cm. a1. Conceptos generales - 2. El proceso logico de la función de capacitación - 3. El instructor.1 aSiliceo, Alfonso